000 00748nam a2200253Ia 4500
003 OSt
005 20220928115228.0
006 a|||||r|||| 00| 0
007 ta
008 220927b |||||||| |||| 00| 0 eng d
020 _c1659.1800000000001
024 _a127471
037 _b362, 13/11/2015, Kiran Book Service
_cTextual
040 _aSDCL
_cSDCL
_beng
041 _2eng
_aeng
082 _aV2:19'P, Q4
100 _aOgden Chris
_9443462
245 0 _aIndian foreign policy
_b Ambition and transition
260 _aCambridge
_bPolity
_c2014
300 _ax;245p.
_ccm.
650 _aPolitical Science
942 _hV2:19'P, Q4
_cTEXL
_2CC
999 _c758606
_d758606